书目信息 |
| 题名: |
中华人民共和国进出口商品检验法实施条例实施手册
|
|
| 作者: | 刘耀威 主编 | |
| 分册: | 卷四 | |
| 出版信息: | 北京 北京对外贸易出版社 2005 |
|
| 页数: | ||
| 开本: | 29cm | |
| 丛书名: | ||
| 单 册: | ||
| 中图分类: | F752.1 | |
| 科图分类: | ||
| 主题词: | 对外贸易--世界 | |
| 电子资源: | ||
| ISBN: | 7-80548-572-0 | |
| 000 | 00808nam0 2200205 450 | |
| 001 | 0754114953 | |
| 005 | 20070929150154.95 | |
| 010 | @a7-80548-572-0@b精装 | |
| 100 | @a20070929d km y0chiy0120 ea | |
| 101 | 0 | @achi |
| 200 | 1 | @a中华人民共和国进出口商品检验法实施条例实施手册@Azhong hua ren min gong he guo jin chu kou shang pin jian yan fa shi shi tiao li shi shi shou ce@e进出口商品检验.监督管理.法律责任@i卷四@f刘耀威 主编@Fliu yao wei zhu bian |
| 210 | @a北京@c北京对外贸易出版社@d2005 | |
| 215 | @d29cm | |
| 517 | 1 | @a卷四@Ajuan si |
| 517 | 1 | @a进出口商品检验·监督管理·法律责任@Ajin chu kou shang pin jian yan·jian du guan li·fa lu ze ren |
| 606 | 0 | @a对外贸易@x世界 |
| 690 | @aF752.1@v3 | |
| 701 | 0 | @a刘耀威@Aliu yao wei@4主编 |
| 801 | 0 | @aCN@bPFT@c20070929 |
| 905 | @a213230@dF752.1@eh9:4@f1 | |
| 中华人民共和国进出口商品检验法实施条例实施手册:进出口商品检验.监督管理.法律责任.卷四/刘耀威 主编.-北京:北京对外贸易出版社,2005 |
| 29cm |
| ISBN 7-80548-572-0(精装): |
| ● |
| 相关链接 |
|
|
|
|
正题名:中华人民共和国进出口商品检验法实施条例实施手册
索取号:F752.1/h9:4
 
预约/预借
| 序号 | 登录号 | 条形码 | 馆藏地/架位号 | 状态 | 备注 |
| 1 | 6001935 | 260019358 | 化学系资料室/ [索取号:F752.1/h9:4] | 在馆 |